| 000 | 00361nam a22001457a 4500 | ||
|---|---|---|---|
| 008 | 230606b ||||| |||| 00| 0 eng d | ||
| 020 | _a9780323074179 | ||
| 041 | _aeng | ||
| 080 |
_24TH EDITION _a610.73 |
||
| 082 | _a610.73DAI | ||
| 100 | _a8 | ||
| 101 | _aINF | ||
| 245 |
_aADVANCED HEALTH ASSESSMENT ADN CLINICAL DIAGNOSIS _cDAINS .E.J |
||
| 942 |
_2udc _cBK |
||
| 999 |
_c59918 _d59918 |
||